Borders: High vs. Low Life Expectancy - Statistics

General Stats
  • This quiz has been taken 78 times
  • The average score is 17 of 22
Answer Stats
Country % Correct
Chad
92%
Libya
92%
Sudan
92%
Mali
91%
Niger
91%
Algeria
89%
Mauritania
85%
Morocco
85%
Afghanistan
83%
China
83%
Iran
83%
Dominican Republic
78%
Haiti
78%
Pakistan
77%
Tajikistan
75%
Turkmenistan
75%
Central African Republic
74%
Uzbekistan
68%
Gabon
65%
Laos
65%
Cameroon
63%
Equatorial Guinea
57%
No matching quizzes found
Score Distribution
Percent of People with Each Score
Percentile by Number Answered
Your Score History
You have not taken this quiz